Matematica secondo ciclo : indicazioni didattiche, proposte di lavoro, esercitazioni, quesiti. Rosa Rinaldi Carini

Gespeichert in:
Bibliographische Detailangaben
1. Verfasser: Rinaldi Carini, Rosa.
Format: Buch
Sprache:Italienisch
Erschienen: Firenze Barbera 1971
Katalog:EDISCO:  Suchergebnis im Bibliothekskatalog
Schulbuchspezifische Eigenschaften:
Tags: Tag hinzufügen
Keine Tags, Fügen Sie den ersten Tag hinzu!
Hinzugefügt zu:30.04.2016
Geändert in:04.10.2017

MARC

LEADER 00000aam a22000007 4500
001 21860
003 OSt
005 20171004090632.0
008 160501s1971 it 000 0 ita
040 |c Paola Zonca - Torino - SBN 
041 1 |a ita 
100 1 |a Rinaldi Carini, Rosa. 
245 0 0 |a Matematica secondo ciclo : indicazioni didattiche, proposte di lavoro, esercitazioni, quesiti. Rosa Rinaldi Carini 
260 |a Firenze  |b Barbera  |c 1971 
300 |a 175 p., ;   |c 18 cm. 
901 |a 7 
700 1 |a Rinaldi Carini, Rosa. 
942 |2 ddc  |c BK 
546 |a ita 
999 |c 21849  |d 21849 
999 |c edisco:21849  |d 21849